00417cam a2200157ua 45000010005000000080039000050400009000440820013000531000028000662450049000942500009001432600044001523000013001966530027002096530023002364174111219n ii |||gr||||Z||||||asm cMAIN a891.45131 aRabha, Dhirendra Kumar,11aSatra sabhar sadhucby Dhirendra Kumar Rabha a2nd. aGuwahati:bPublication Board assam,988. a66p:5cm. aAssamese short stories aSatra sabhar sadhu